Histoire Quizz - Statistiques

Statistiques générales
  • Ce quiz a été pris 157 fois
    108 depuis la dernière actualisation
  • Le résultat moyen est 6 sur 50
Statistiques - réponses
Question Réponse % Correct
fin de la guerre froide 1991
61%
Qui a peint la Joconde en 1503/1506 ? Leonard de Vinci
60%
Qui parle de Rideau de fer en 1946 ? Winston Churchill
58%
Date du traité de Versailles 28 juin 1919
56%
Date du serment du jeu de paume 20 juin 1789
48%
Qui a écrit Madame Bovary Gustave Flaubert
48%
inventeur Imprimerie Gutenberg
44%
qui a peint le cri ? Edvard Munch
41%
Date de l'appel de G. degaulle 18 juin 1940
40%
Début guerre froide 1947
39%
Date creation de l'OTAN 1949
36%
invention du telephone, qui ? Graham Bell
35%
Qui a peint la liberté guidant le peuple en 1830 Eugéne Delacroix
27%
Le nom du bateau de Christophe Colomb Santa Maria
25%
invention des JO moderne, qui ? Pierre de Coubertin
21%
Nomination de Simone Veil - ministre 1974 - (IVG en 1975)
19%
Canonisation Jeanne d'arc, date 1920
18%
Date pacte de Varsovie 1955
17%
Femme de Louis 7 le jeune / Henri 2 GB Alienor d'aquitaine
17%
Date de la 1er croisade 1096
16%
Femme de Louis 14 Marie Therese d'autriche
16%
Mécène de Devinci, avec un rôle de père Francois 1
15%
Découverte de la pénicilline Alexander Fleming
13%
Fin de la commune 28 mai 1871
12%
naissance de l'écriture 3000
12%
naissance de l'agriculture 8000
12%
Maitresse de Louis 14 Montespan,de la Vallière, Maintenons
12%
Date de la commune debut 18 mars 1871
11%
L'europe est à 15 pays, La date ? 1995
11%
Qui a peint la laitière en 1657 ? Johannes Vermeer
11%
Date début et fin des guerres de religion 1562-1598
10%
Date acquisition de la corse par la France 1768
9%
La terreur ? 1793-1794
9%
Congré de vienne date ? 1814-1815
9%
Date debut et fin des 30 glorieuses 1945-1973
9%
Qui est le père de la révolution russe 1917 Léon Trotski
9%
Nom du frère de Louis 14 Philippe d'Orléans
9%
Le nombre d'or ? 1,61
8%
Colonisation de l'Algérie date 1830
8%
Date Victor Hugo 1802-1885
7%
Qui est l'empereur Fou ? Caligula
7%
Nom du tableau Parfait deVinci L'homme de vitruve
7%
Doctorat de Richelieu 1605-1607
5%
Date voltaire 1694-1778
5%
Date invention du caddie 1934 -Sylvan Goldman
5%
Célèbre fille de l'araignée Anne de beaujeu
5%
Nom du 1er internet Arpanet
5%
Qui a dit, Paris vaut bien une messe ? Henri 4
5%
Fille du Pape Alexandre 6 Lucrèce Borgia
5%
Date victoire des Bouvines 1214
4%
Date Bataille d'azincourt 1415
4%
Date naissance et mort DeVinci 1452-1519
4%
date de la Joconde 1503-1506
4%
Naissance du Protestantisme 1517
4%
Date Mme sevigné 1626-1696
4%
Siege de La Rochelle par Richelieu 1628 (Etat dans l'état)
4%
Date naissance et mort Freud 1856-1939
4%
Lenine est au pouvoir 1917-1924
4%
Trotski exil puis mort assassiné à 60 ans Mexique 1929-1940
4%
Le printemps arabe 2010
4%
Nombre de représentants au sénat 348
4%
Date bataille de Poitier/tour 732
4%
Femme de Louis 8 le lion Blanche de Castille
4%
Surnom de Louis 11 le prudent
4%
Principale force de Richelieu dans ascension Marie de Medicis
4%
La femme de Francois 2 Marie stuart
4%
la fin des templiers sous quel roi après 7 ans? Philippe 4
4%
Roi de l'an 1000 Robert 2
4%
Dernière peinture (non fini) de Vinci Sainte anne
4%
Qui a peint le radeau de la méduse Theodore Guericault
4%
La premiere photo, qui ? Nicéphore Niepse
3%
Principal directeur du directoire Paul Barras
3%
Commande la 1ere croisade ? Urbain 2
3%
Invasion de l'Angleterre par Guillaume, Date ? 1066
0%
Date fin des templiers, bucher pour hérésie 1314
0%
Date Imprimerie 1450
0%
Richelieu devient évêque Luçon puis Cardinal 1607-1622
0%
Date la fontaine 1621-1695
0%
Date debut et fin, guerre de 7 ans 1756-1763
0%
Date de mort de Mme de pompadour 1764
0%
Date invention machine à vapeur 1769
0%
Date mort louis 15 1774
0%
Invention du timbre Poste 1840
0%
Staline règne sur l'urss 1924-1953
0%
2 autres consuls Cambaceres-lebrun
0%
Citer un des trois president du conseil 1848 Cavaignac, Arago, Dupont de l'eure
0%
Le dernier des capétiens Charles 4 le bel
0%
2nd femme et nourrice de Henri 2 Diane de Poitier
0%
Fille de Mme de Sevigné Francoise de grignan
0%
1er Femme ministre en France Germaine Poinso-Chapuis
0%
Qui a peint les quatre saisons en 1573 ? Giuseppe Arcimboldo
0%
Le dernier des templiers Jacques de Molay
0%
1er Ampoule (brevet) James Bowman
0%
inventeur machine à vapeur James Watt
0%
Surnom de Louis 12 Le père du peuple
0%
President gouvernement Defence en 1870 Louis Jules Trochu
0%
Aucun quiz correspondant
Distribution des résultats
% des personnes avec chaque résultat
Percentile par nombre de réponses
Votre historique - résultats
Vous n’avez pas pris ce quiz depuis la dernière actualisation